000 00896nam a2200205Ii 4500
003 JO-AjNU
008 230605s9999||||xx |||||||||||||| ||und||
017 _a1988/11/689
040 _aJO-AjNU
_bara
_erda
_cJO-AjNU
041 _aara
050 1 4 _aKMM379.5.N3464.1989
100 3 _aصالح، نائل عبدالرحمن ,
_eauthor
_97163
245 0 0 _aشرح قانون العقوبات " القسم الخاص ": الجرائم الواقعة على الاموال ،جرائم السرقة والاحتيال واساءة الأئتمان والملحقة بها
264 3 1 _aعمان : دار الفكر، 1988
300 _a274ص
336 _atext
_btxt
_2rdacontent
337 _aunmediated
_bn
_2rdamedia
338 _avolume
_bnc
_2rdacarrier
650 4 _aجرائم الأموال -- قوانين وتشريعات -- الأردن -- قانون العقوبات -- الأردن
_97164
999 _aA139
_c3707
_d3707